Joueurs Kill the Patrick (Ordre alphabétique) - Statistiques

Statistiques générales
  • Ce quiz a été pris 23 fois
    20 depuis la dernière actualisation
  • Le résultat moyen est 44 sur 85
Statistiques - réponses
Initiale Joueur % Correct
A Aypierre
100%
S Siphano
100%
F Frigiel
88%
F Fukano
88%
N Nems
88%
Z Zerator
88%
A As2pik
75%
A Azenet
75%
B BillSilverlight
75%
D DarkFuneral
75%
H HarryLafranc
75%
J Jiraya
75%
M MisterDaweed
75%
M MrBboy45
75%
R Roi_Louis
75%
T Thoyy
75%
X Xari
75%
Z Zephirr
75%
A Alexclick
63%
A Aurelien_Sama
63%
B Bxakid
63%
B Bytel
63%
C Chelxie
63%
E Eddytor
63%
E Elarcis
63%
E EpeeForte
63%
I Ichisu
63%
I Ika
63%
I Iplay4you
63%
M Mr_Moustache
63%
N Newtiteuf
63%
N Nocxx
63%
P Popi
63%
S Skyyart
63%
S SoulsStealer
63%
T Tagazok
63%
T Thaek
63%
T TheKid
63%
Z Zeprof10toire
63%
Z Zeprof2math
63%
A Aishy
50%
B Bardin
50%
E Elvilia
50%
F Fanta
50%
F Fouet
50%
F Foxseen
50%
J Jujoue
50%
L Loupio
50%
M Muzaren
50%
O October21
50%
O Ouicmoi
50%
R Rw16
50%
T Talisker
50%
U Unster
50%
Z Zippy
50%
A Agentgb
38%
E Edorock
38%
E Elspawn
38%
M MmeSilverlight
38%
R R3li3nt
38%
S Seyhial
38%
S Shorty
38%
S Shouka
38%
S Super_Nono
38%
T Tabernak
38%
D DavLec
25%
E Ehone
25%
E Elektron
25%
E Element
25%
J Jaidev
25%
J Jazeruth
25%
M Maruku
25%
M MouetteVolante
25%
R Rayenryuu
25%
S Starvet
25%
S Steproro
25%
T Tibtibo
25%
T Tyrod
25%
W Wolphegon
25%
I IVI4T
13%
M Mcuber5
13%
T Tado
13%
T Torlk
13%
Z Zaiiden
13%
B Bartox
0%
Aucun quiz correspondant
Distribution des résultats
% des personnes avec chaque résultat
Percentile par nombre de réponses
Votre historique - résultats
Vous n’avez pas pris ce quiz depuis la dernière actualisation